000 01011nam a22002897a 4500
003 CHAP
005 20220329141631.0
008 971013s1979 r 00010 d
010 _a71374
011 _a72346
035 _a81901
040 _cCHAP
090 _aTesis
100 0 0 _aGallardo Guajardo, Roberto Alfredo.
_944348
245 _aEvaluación por rendimiento de 14 líneas experimentales de sorgo (Sorghum vulgare Pers.) entres localidades del estado de Nuevo León, en el ciclo de primavera de 1978
260 _aMonterrey, N.L. :
_bEl autor,
_c1979
300 _a50 h.
_b: gráfs. ; mapa
502 _aTesis (Ing. Agr. Fitotecnista) -- U.A. de N.L. Fac. de Agronomía
590 _aALEPH
_b10
_c20130110
_lUCH01
_h1411
590 _aBATCH-UPD
_b10
_c20130110
_lUCH01
_h1244
590 _aCONVERSION
_b10
_c20130109
_lUCH01
_h1339
650 1 4 _aSorgo
_xRendimiento.
_9108714
650 1 4 _aSorgo
_xVariedades.
_9108734
901 _aBK
942 _cTESIS
949 _bBC
_cTES
_d-35607
_eTS1
_i81901
_si
999 _c71374
_d71374